01651nab a22002417a 4500003000400000005001700004008004100021040000700062100002600069245016500095260007300260300001500333500007200348505063200420505008901052650002901141650002001170650003101190650001501221650002101236650001901257773013301276OSt20251226235409.0190603e xxum|||| |||| 00| 0 spa d cPJ aIturbide, Gabriela A.10aReflexiones sobre la prescripción adquisitiva en el Código Civil y Comercial de la Nación a diez años de su entrada en vigencia /cGabriela A. Iturbide. cCiudad Autónoma de Buenos Aires :aThomson Reuters La Ley, b2025. ap. 176-198 aCita: TR LALEY AR/DOC/1757/2025 Publicado en: RCCyC 2025 (agosto). aSumario: I. Introducción.— II. El tiempo.— III. Los requisitos de la posesión.— IV. Prescripción larga.— V. Prescripción larga abreviada de diez años en materia de cosas muebles.— VI. Legitimación activa y pasiva en el juicio de usucapión.— VII. Efectos de la sentencia en el juicio de usucapión larga.— VIII. Fecha de la adquisición del derecho real.— IX. Anotación de litis en el juicio de usucapión larga.— X. Usucapión breve.— XI. Causales de suspensión del plazo de la prescripción.— XII. Causales de interrupción del plazo de prescripción.— XIII. Palabras finales.  t¿Te interesa el texto completo? Solicitalo al correo: koha@justierradelfuego.gov.ar 0aCODIGO CIVIL Y COMERCIAL 0aDERECHOS REALES 0aPRESCRIPCIÓN ADQUISITIVA 0aPOSESIÓN 0aBIENES INMUEBLES 0aPRESCRIPCIÓN0 02713dCiudad Autónoma de Buenos Aires : Thomson Reuters La Ley, 2015-tRevista Código Civil y Comercial. Nº 4 - Agosto 2025